Biblioteca

Science, religion, and the human experience / (Registro nro. 67645)

Detalles MARC
000 -LÍDER
Campo fijo de descripción fija 02210cam a2200337 i 4500
001 - NÚMERO DE CONTROL
Campo de control 768714001
003 - IDENTIFICADOR DEL NÚMERO DE CONTROL
Campo de control CO-MdFUSB
005 - FECHA Y HORA DE LA ULTIMA TRANSACCIÓN
control field 20220711103841.0
007 - CAMPO FIJO DE DESCRIPCIÓN FIJA--INFORMACIÓN GENERAL
Campo fijo de descripción fija ta
008 - ELEMENTOS DE LONGITUD FIJA -- INFORMACIÓN GENERAL
Campo fijo de descripción fija -- Información general 041206t2005 enk b 001 0 eng
020 ## - NÚMERO INTERNACIONAL NORMALIZADO PARA LIBROS
Número Internacional Normalizado del libro 0195175336
040 ## - FUENTE DE CATALOGACIÓN
Agencia de catalogación original DLC
Agencia que realiza la transcripción CO-MdFUSB
Agencia que realiza la modificación C#P
-- UKM
-- BAKER
-- YDXCP
-- OCLCQ
-- BTCTA
-- UtOrBLW
Idioma de catalogación spa
Convenciones de la descripción rda
041 ## - CÓDIGO DE IDIOMA
Código de idioma para texto/pista de sonido o título separado eng
082 ## - NÚMERO DE CLASIFICACIÓN DECIMAL DEWEY
Número de la edición del Dewey 23
Número de clasificación 261.55
Clave de autor-Numero de item SCI416
245 00 - TÍTULO
Título del Material Science, religion, and the human experience /
Mención de responsabilidad, etc. editado por James D. Proctor.
264 #1 - PRODUCCIÓN, PUBLICACIÓN, DISTRIBUCIÓN, MANUFACTURA, Y COPYRIGHT
Lugar de producción, publicación, distribución, manufactura Oxford ;
-- New York :
Nombre del productor, publicador, distribuidor Oxford University Press,
Fecha de producción, publicación, distribución, manufactura, o copyright [2005]
264 #4 - PRODUCCIÓN, PUBLICACIÓN, DISTRIBUCIÓN, MANUFACTURA, Y COPYRIGHT
Fecha de producción, publicación, distribución, manufactura, o copyright © 2005
300 ## - DESCRIPCIÓN FÍSICA
Extensión 336 páginas ;
Dimensiones 25 cm.
336 ## - TIPO DE CONTENIDO
Término de tipo de contenido texto
Código de tipo de contenido txt
Fuente rdacontent.
337 ## - TIPO DE MEDIO
Nombre del tipo de medio sin mediación
Código del tipo de medio n
Fuente rdamedia.
338 ## - TIPO DE SOPORTE
Nombre del tipo de soporte volumen
Código Tipo de soporte nc
Fuente rdacarrier.
504 ## - NOTA DE BIBLIOGRAFÍA, ETC.
Nota de bibliografía, etc Incluye referencias bibliográficas (p. 324-327) e índice.
505 ## - NOTA DE CONTENIDO
Nota de contenido con formato preestablecido No congelarás el cuadro", o, cómo no malinterpretar el debate entre ciencia y religión / Bruno Latour -- La modernidad y lo místico / Thomas A. Carlson -- Las profundidades y superficialidades de la experiencia / Hilary Putnam -- En ____ Nuestra verdad: ciencia, religión, y autoridad / James D. Proctor -- Ciencia, religión, metáfora e historia / Jeffrey Burton Russell -- Cábala y cosmología contemporánea / Daniel C. Matt -- La complementariedad de la ciencia y la religión / Harold H. Oliver -- Darwin, diseño, y la unificación de la naturaleza / John Hedley Brooke -- Darwinismo y cristianismo / Michael Ruse -- Experimentando la evolución / Ronald L. Numbers -- Dioses y los instintos mentales que los crean / Pascal Boyer --Empatía y experiencia humana / Evan Thompson -- Alianzas incómodas / Anne Harrington -- Los mundos intersubjetivos de la ciencia y la religión / B. Alan Wallace.
520 ## - NOTA DE RESUMEN, ETC.
Nota de sumario, etc. Esta colección de ensayos analiza la relación entre la ciencia y la religión. El libro parte de la premisa de que tanto la ciencia como la religión operan en contextos históricos, políticos, ideológicos y psicológicos específicos, pero buscan llegar más allá de ellos.
563 ## - NOTA DE ENCUADERNACIÓN
Nota de encuadernación Rústico
650 #7 - ASIENTO SECUNDARIO DE MATERIA - TERMINO TEMÁTICO
Término temático o nombre geográfico como elemento de entrada Religión y ciencia
9 (RLIN) 259
700 1# - ASIENTO SECUNDARIO - NOMBRE PERSONAL
Nombre personal Proctor, James D.,
Fechas asociadas con el nombre 1957-
Responsabilidad editor
942 ## - TIPO DE MATERIAL (KOHA)
Tipo de Item KOHA Libros General
945 ## - INFORMACIÓN LOCAL DEL REGISTRO
Catalogador JTF-925
Existencias
Estado de Material Estado de Perdido Forma de Clasificación Estado de Dañado No para Préstamo Colección Biblioteca de Origen Biblioteca Permanente Fecha de Adquisición Área Total de Préstamos Signatura Topográfica Código de Barras Última vez visto Ejemplar/Existencia Fecha de Remplazo Tipo de Material
    Dewey Decimal Classification     Colección General Biblioteca FUSBC Biblioteca FUSBC 01/04/2022 BIBLIA   G 261.55 SCI416s 21831 25/10/2022 Ej.1 01/04/2022 Libros General

Biblioteca FUSBC | Teléfono: (57+4) 349 88 10 Ext. 141| WhatsApp (+57) 3005338115 
E-mail: biblioteca@unisbc.edu.co | Calle 76 87-14 Robledo Palenque, Medellín, Colombia

Con tecnología Koha